Responses for show #1790 - Friday, May 15, 1992

1992 College Championship final game 2.

Contestants

Billy Baxter, a senior from the College of William & Mary (subtotal of $9,800)

Stephanie Leveene, a senior from the University of Delaware (subtotal of $11,900)

Nick Jungman, a sophomore from the University of Oklahoma (subtotal of $10,000)

Jeopardy! Round responses

GEOGRAPHY
THE GOLDEN GLOBE AWARDS
FURNITURE
DOGS
FAMOUS AUSTRIANS
PREFIXES
    $100 1
Hong Kong

Billy
    $100 29
The Prince of Tides

Stephanie
    $100 28
pearl

Stephanie
    $100 30
a Terrier

Billy
    $100 6
Freud

Nick
    $100 25
sub-

Nick
    $200 2
Rhodesia

Billy
    $200 24
The Silence of the Lambs

Stephanie
    $200 27
a lamp

Nick
    $200 26
(Billy: What is its sense of touch?)
(Nick: What s hearing?)

sight

NickStephanieBilly
    $200 7
(Billy: Who is Genevieve?)
(Stephanie: Who is Jennifer?)

Bernadette

StephanieBilly
Triple Stumper
    $200 23
(Stephanie: What's light?)

the Sun

StephanieBilly
    $300 3
Puerto Rico

Nick
    $300 13
Warren Beatty

Stephanie
    $300 16
an easy chair

Stephanie
    $300 21
a Brussels Griffon

Nick
    $300 8
luge

Stephanie
    $300 22
(Stephanie: What's three?)

four

StephanieBilly
    $500 4
(Alex: James I of England was James VI of Scotland.)

Nova Scotia

Nick
    $400 12
JFK

Billy
    $400 15
a table

Nick
    $400 20
a St. Bernard

Stephanie
    $400 11
Gregor Mendel

Stephanie
    $400 18
blood

Stephanie
    $500 5
(Alex: Burkina Faso, Burundi, and Benin are the others.)

Botswana

Nick
    $500 9
(James) Brady

Billy
    $500 14
(Thomas) Chippendale

Stephanie
    $500 19
a Great Dane

Stephanie
    $500 10
Franz Joseph

Triple Stumper
    $500 17
ultra-

Stephanie

Scores at the first commercial break (after clue 12):

Nick Stephanie Billy
$1,400 $500 $1,000

Scores at the end of the Jeopardy! Round:

Nick Stephanie Billy
$2,200 $3,500 $1,400

Double Jeopardy! Round responses

SCIENCE
IN THE NEWS
MUSICAL TERMS
STATE CAPITALS
POETRY
HODGEPODGE
    $200 20
oxygen

Nick
    $200 30
Michael Jackson

Billy
    $200 27
staccato

Billy
    $200 28
Harrisburg

Billy
    $200 17
Joyce Kilmer

Billy
    $200 29
a trampoline

Nick
    $400 21
the mantle

Billy
    $400 19
Imelda Marcos

Nick
    $400 6
notes

Billy
    $400 25
Springfield, Illinois

Billy
    $400 16
England

Stephanie
    $400 26
the theory of evolution

Stephanie
    $600 22
(Billy: What is gold?)

silver

NickBilly
    $600 12
Alex Haley

Stephanie
    $600 5
a capella

Stephanie
    $2,500 10
Montpelier (Vermont)

Billy
    $600 15
[This answer was accepted. The exact quote should be "a little curl".]

a curl

Stephanie
    $600 7
Mad magazine

Billy
    $800 23
the lithosphere

Nick
    $800 11
Yugoslavia

Billy
    $800 4
a march

Stephanie
    $800 9
Montgomery, Alabama

Billy
    $1,000 14
"The Love Song of J. Alfred Prufrock"

Stephanie
    $800 1
(Billy shouts this answer.)
(Alex: Guess where Billy is from?)
[laughter]

The College of William and Mary

Billy
    $1000 24
DNA

Nick
    $1000 18
The Teamsters

Billy
    $1000 3
impromptu

Triple Stumper
    $1000 8
(Nick: What is Atlanta?)

Nashville

Nick
Triple Stumper
    $1000 13
Langston Hughes

Stephanie
    $1000 2
(Billy: What is Archbishop?)
(Nick: What is Cardinal?)

saint

NickStephanieBilly

Scores at the end of the Double Jeopardy! Round:

Nick Stephanie Billy
$3,400 $9,900 $8,300

[wagering suggestions for these scores]

Final Jeopardy! Round responses

AMERICAN HISTORY
NickWhat the Mayflower Compact?
$3,400
BillyWhat is the Mayflower Compact?
$8,100
StephanieWhat is the Declaration of Independence?
$5,000
the Mayflower Compact

Final scores:

Nick Stephanie Billy
$6,800 $4,900 $16,400

Cumulative scores:

Nick Stephanie Billy
$16,800 $16,800 $26,200
2nd runner-up: $16,800 1st runner-up: $16,800 Tournament champion: $26,200 and a trophy

Game dynamics:

Coryat scores:

Nick Stephanie Billy
$3,300 $9,700 $6,400
14 R
(including 1 DD),
3 W
22 R
(including 1 DD),
3 W
20 R
(including 1 DD),
4 W

Combined Coryat: $19,400

The J! Archive is created by fans, for fans. The Jeopardy! game show and all elements thereof, including but not limited to copyright and trademark thereto, are the property of Jeopardy Productions, Inc. and are protected under law. This website is not affiliated with, sponsored by, or operated by Jeopardy Productions, Inc. Join the discussion at JBoard.tv.